| 000 | 008280000a22002170004500 | ||
|---|---|---|---|
| 020 | _a0-393-00170-9 | ||
| 041 | 0 | _aENG | |
| 082 | 0 | 4 | _aG 150.8 E687y |
| 100 | 1 | _aErikson, Erik H. (Homburger) (1902-) | |
| 245 | 1 | 0 | _aYoung man Luther : a study in psychoanalysis and history / Erik H. Erikson |
| 260 | _aNew York, N.Y., USA : W.W. Norton | ||
| 300 | _a288 Pag. | ||
| 501 | _aRústico | ||
| 505 | 0 | 0 | _aUn estudio del clérigo Martín Lutero como un hombre joven -- Un estudio del genio de Lutero -- Un exploración de aspectos psicológicos de Lutero -- La fe y la religión de Alemania en esa época |
| 650 | 1 | 4 | _aLUTERO, MARTIN, 1483-1546 \ REFORMA - ALEMANIA - BIOGRAFIA |
| 001 | 1152 | ||
| 942 | _cBK | ||
| 999 |
_c32488 _d32488 |
||
| 336 |
_atexto _btxt _2rdacontent |
||
| 337 |
_2rdamedia _asin mediación _bn |
||
| 338 |
_2rdacarrier _avolumen _bnc |
||